[Event "Niedersachsen-ch op-B"]
[Site "Verden"]
[Date "2015.01.04"]
[Round "6"]
[White "Kahlsdorf, Fabian"]
[Black "Luecke, Kristina"]
[Result "1/2-1/2"]
[WhiteElo "1055"]
[BlackElo "1204"]
[PlyCount "76"]
[EventDate "2015.01.02"]
[EventType "swiss"]
[EventRounds "7"]
[EventCountry "GER"]
[SourceTitle "EXT 2018"]
[Source "ChessBase"]
[SourceDate "2017.10.13"]
[SourceVersion "1"]
[SourceVersionDate "2017.10.13"]
[SourceQuality "1"]

1. e4 e5 2. Nf3 Nc6 3. d4 exd4 4. Nxd4 Qh4 5. Nc3 Bb4 6. Qd3 Nf6 7. Nxc6 dxc6 8. e5 Qe4+ 9. Qxe4 Nxe4 10. Bd2 Nxd2 11. Kxd2 0-0 12. a3 Bxc3+ 13. Kxc3 Bf5 14. Rd1 Rfe8 15. Re1 Re7 16. Bc4 Kf8 17. Re2 Rae8 18. Rhe1 f6 19. exf6 gxf6 20. Rxe7 Rxe7 21. Rxe7 Kxe7 22. h3 Be6 23. Bxe6 Kxe6 24. Kc4 Ke5 25. Kc5 f5 26. Kc4 f4 27. Kd3 b5 28. g3 h5 29. g4 hxg4 30. hxg4 c5 31. b3 a5 32. c3 c6 33. f3 Kd5 34. c4+ Ke5 35. a4 b4 36. Ke2 Kf6 37. Kd2 Ke6 38. Ke2 Kf6 1/2-1/2

[Event "Niedersachsen-ch op-B"]
[Site "Verden"]
[Date "2015.01.04"]
[Round "5"]
[White "Schwabenland, Julia"]
[Black "Kahlsdorf, Fabian"]
[Result "0-1"]
[WhiteElo "846"]
[BlackElo "1055"]
[PlyCount "72"]
[EventDate "2015.01.02"]
[EventType "swiss"]
[EventRounds "7"]
[EventCountry "GER"]
[SourceTitle "EXT 2018"]
[Source "ChessBase"]
[SourceDate "2017.10.13"]
[SourceVersion "1"]
[SourceVersionDate "2017.10.13"]
[SourceQuality "1"]

1. e4 d5 2. Nc3 d4 3. Nb5 a6 4. Na3 e5 5. d3 Bxa3 6. bxa3 Be6 7. Nf3 Nc6 8. Ng5 Bd7 9. g3 h6 10. Nf3 Nf6 11. Bg2 0-0 12. 0-0 Qe7 13. Ne1 Rad8 14. h3 Rfe8 15. Kh2 Qe6 16. f4 exf4 17. gxf4 Re7 18. f5 Qd6+ 19. Bf4 Ne5 20. Qf3 Nxf3+ 21. Nxf3 Qxf4+ 22. Kh1 Nh5 23. Kg1 Ng3 24. Rf2 Ba4 25. c4 dxc3 26. Ne1 Qe3 27. Bf1 c2 28. Nxc2 Bxc2 29. Kg2 Nxf1 30. Raxf1 Rxd3 31. Rf3 Rd2+ 32. R1f2 Rxf2+ 33. Rxf2 Bxe4+ 34. Kf1 Rd7 35. Kg1 Rd1+ 36. Kh2 Qxf2# 0-1

[Event "Niedersachsen-ch U10"]
[Site "Norderney"]
[Date "2014.04.12"]
[Round "2"]
[White "Heuer, Adrian"]
[Black "Kahlsdorf, Fabian"]
[Result "1/2-1/2"]
[WhiteElo "777"]
[BlackElo "1051"]
[PlyCount "66"]
[EventDate "2014.04.??"]
[EventType "swiss"]
[EventRounds "11"]
[EventCountry "GER"]
[SourceTitle "EXT 2017"]
[Source "ChessBase"]
[SourceDate "2016.10.25"]
[SourceVersion "1"]
[SourceVersionDate "2016.10.25"]
[SourceQuality "1"]

1. d4 d5 2. Bf4 Nc6 3. e3 Bf5 4. Nf3 e6 5. c3 Bd6 6. Bg3 Nf6 7. Nbd2 0-0 8. Be2 Re8 9. Qb3 Rb8 10. Qa4 a6 11. Qd1 Qe7 12. b3 Rbd8 13. c4 Bb4 14. c5 b6 15. a3 Bxd2+ 16. Qxd2 Ne4 17. Qc1 Rc8 18. Bxa6 Rb8 19. b4 b5 20. a4 Nxb4 21. 0-0 Nxa6 22. axb5 Nb4 23. b6 cxb6 24. Bxb8 Rxb8 25. cxb6 Qe8 26. Ne5 Rc8 27. Qb2 Nc6 28. Nxc6 Qxc6 29. Rfc1 Nc5 30. Rxc5 Qxc5 31. b7 Qc7 32. Ra8 Rb8 33. Rxb8+ Qxb8 1/2-1/2

[Event "GER-chT U10"]
[Site "Magdeburg"]
[Date "2013.12.28"]
[Round "4.1"]
[White "Kahlsdorf, Fabian"]
[Black "Triantafillidis, Simeon"]
[Result "0-1"]
[WhiteElo "907"]
[BlackElo "1315"]
[PlyCount "61"]
[EventDate "2013.12.27"]
[EventType "team-swiss"]
[EventRounds "5"]
[EventCountry "GER"]
[SourceTitle "EXT 2015"]
[Source "ChessBase"]
[SourceDate "2014.11.20"]
[SourceVersion "1"]
[SourceVersionDate "2014.11.20"]
[SourceQuality "1"]
[WhiteTeam "Braunschweig"]
[BlackTeam "Biberach"]
[WhiteTeamCountry "GER"]
[BlackTeamCountry "GER"]

1. e4 e5 2. Nf3 Nc6 3. d4 exd4 4. Nxd4 Bc5 5. Be3 d6 6. Bc4 Nf6 7. Nc3 0-0 8. 0-0 Re8 9. f3 d5 10. Nxc6 Bxe3+ 11. Kh1 bxc6 12. Be2 dxe4 13. Qxd8 Rxd8 14. fxe4 Bd4 15. Rad1 Bb7 16. Rf4 Bxc3 17. bxc3 Rxd1+ 18. Bxd1 Rd8 19. Be2 Rd2 20. Bf3 Rxc2 21. h3 c5 22. Rf5 Bxe4 23. Bxe4 Nxe4 24. Re5 Nf6 25. g4 Rxc3 26. g5 Rxh3+ 27. Kg2 Rh5 28. Kg3 Rxg5+ 29. Rxg5 Ne4+ 30. Kf4 Nxg5 31. Kxg5 0-1

[Event "GER-chT U10"]
[Site "Magdeburg"]
[Date "2013.12.27"]
[Round "1.1"]
[White "Gheng, Dominik"]
[Black "Kahlsdorf, Fabian"]
[Result "1-0"]
[WhiteElo "1700"]
[BlackElo "907"]
[PlyCount "49"]
[EventDate "2013.12.27"]
[EventType "team-swiss"]
[EventRounds "5"]
[EventCountry "GER"]
[SourceTitle "EXT 2015"]
[Source "ChessBase"]
[SourceDate "2014.11.20"]
[SourceVersion "1"]
[SourceVersionDate "2014.11.20"]
[SourceQuality "1"]
[WhiteTeam "Bernhausen"]
[BlackTeam "Braunschweig"]
[WhiteTeamCountry "GER"]
[BlackTeamCountry "GER"]

1. e4 e5 2. Nf3 Nc6 3. Bb5 Bd6 4. 0-0 a6 5. Ba4 Nf6 6. Re1 0-0 7. c3 b6 8. d4 Bb7 9. Bxc6 Bxc6 10. dxe5 Nxe4 11. exd6 h6 12. Ne5 Re8 13. Nxc6 dxc6 14. d7 Re7 15. Bxh6 Rxd7 16. Qg4 g6 17. Qxe4 Rd1 18. Na3 Rxa1 19. Rxa1 Ra7 20. Be3 Qd7 21. Qh4 Kg7 22. Bd4+ Kf8 23. Qh8+ Ke7 24. Re1+ Kd6 25. Qe5# 1-0

[Event "Sachsen-ch U08 op"]
[Site "Sebnitz"]
[Date "2013.11.01"]
[Round "8"]
[White "Kahlsdorf, Fabian"]
[Black "Krzyzosiak, Marta"]
[Result "1-0"]
[WhiteElo "907"]
[BlackElo "1120"]
[PlyCount "67"]
[EventDate "2013.10.28"]
[EventType "swiss"]
[EventRounds "9"]
[EventCountry "GER"]
[SourceTitle "EXT 2018"]
[Source "ChessBase"]
[SourceDate "2017.10.13"]
[SourceVersion "1"]
[SourceVersionDate "2017.10.13"]
[SourceQuality "1"]

1. e4 c5 2. Nf3 g6 3. Nc3 Nc6 4. d4 cxd4 5. Nxd4 Nxd4 6. Qxd4 Nf6 7. Bg5 Bg7 8. Bc4 0-0 9. 0-0 d6 10. Qd2 Be6 11. Bb3 Qa5 12. Rad1 Rae8 13. Rfe1 Qb6 14. Re2 Bg4 15. Be3 Qc6 16. f3 Be6 17. Ba4 Qc8 18. Bxe8 Nxe8 19. Bd4 Bc4 20. Ree1 Bxd4+ 21. Qxd4 e5 22. Qd2 Nc7 23. b3 Ba6 24. Qxd6 Nb5 25. Nxb5 Bxb5 26. Qxe5 Qxc2 27. Qxb5 Rb8 28. f4 a6 29. Qd5 Qxa2 30. f5 gxf5 31. exf5 Kf8 32. f6 Rc8 33. Qd8+ Rxd8 34. Rxd8# 1-0

[Event "Sachsen-ch U08 op"]
[Site "Sebnitz"]
[Date "2013.10.30"]
[Round "4"]
[White "Meurer, Calvin"]
[Black "Kahlsdorf, Fabian"]
[Result "1-0"]
[WhiteElo "783"]
[BlackElo "907"]
[PlyCount "99"]
[EventDate "2013.10.28"]
[EventType "swiss"]
[EventRounds "9"]
[EventCountry "GER"]
[SourceTitle "EXT 2018"]
[Source "ChessBase"]
[SourceDate "2017.10.13"]
[SourceVersion "1"]
[SourceVersionDate "2017.10.13"]
[SourceQuality "1"]

1. e4 e5 2. Nf3 Nf6 3. Nxe5 d6 4. Nf3 Nxe4 5. Qe2 Qe7 6. d3 Nf6 7. Bg5 Qxe2+ 8. Bxe2 Nbd7 9. d4 b6 10. 0-0 Bb7 11. Nc3 Be7 12. Rad1 0-0-0 13. Rfe1 h6 14. Bf4 g5 15. Bd2 Rhg8 16. h3 Kb8 17. Bb5 Bxf3 18. gxf3 Rde8 19. Bc4 d5 20. Nxd5 b5 21. Nxf6 Bxf6 22. Rxe8+ Rxe8 23. Bxf7 Re7 24. Bh5 Bxd4 25. Bb4 Bc5 26. Bxc5 Nxc5 27. f4 gxf4 28. Bf3 a6 29. Rd8+ Ka7 30. Ra8+ Kb6 31. b4 Nd7 32. Bg4 Rg7 33. Rd8 Nf6 34. f3 Nxg4 35. fxg4 Rf7 36. Rd3 f3 37. Kf2 Kc6 38. Rxf3 Rxf3+ 39. Kxf3 Kd6 40. Kf4 Ke6 41. g5 hxg5+ 42. Kxg5 Kf7 43. h4 Kg7 44. h5 Kh7 45. h6 Kh8 46. Kg6 c6 47. h7 a5 48. bxa5 c5 49. a6 c4 50. a7 1-0